[Event "Polanica Zdroj op-E 56th"]
[Site "Polanica Zdroj"]
[Date "2020.08.17"]
[Round "3"]
[White "Chowaniec, Artur"]
[Black "Grzechowiak, Kacper"]
[Result "1-0"]
[WhiteElo "1530"]
[BlackElo "1423"]
[PlyCount "87"]
[EventDate "2020.08.15"]
[EventType "swiss"]
[EventRounds "9"]
[EventCountry "POL"]
[SourceTitle "CBM 198 Extra"]
[Source "ChessBase"]
[SourceDate "2020.11.30"]
[SourceVersion "1"]
[SourceVersionDate "2020.11.30"]
[SourceQuality "1"]

1. e4 c6 2. d4 d5 3. exd5 cxd5 4. c4 Nf6 5. Nc3 Nc6 6. Nf3 Bg4 7. Be3 e6 8. a3 Be7 9. h3 Bh5 10. Be2 Rc8 11. Rc1 0-0 12. 0-0 dxc4 13. Bxc4 Nxd4 14. Qxd4 Qxd4 15. Bxd4 Rxc4 16. Bxa7 Bxf3 17. gxf3 Rfc8 18. Ne2 Rxc1 19. Rxc1 Rxc1+ 20. Nxc1 Nd7 21. Be3 Ne5 22. Kg2 Nc4 23. Bd4 Bf6 24. Bxf6 gxf6 25. Nd3 Kg7 26. a4 Kg6 27. b4 b6 28. Kf1 Kg5 29. Ke2 e5 30. f4+ Kh4 31. Kf3 Kxh3 32. Ke4 Nd6+ 33. Kd5 Nc8 34. fxe5 h5 35. exf6 Kg4 36. Ke5 h4 37. Nf4 h3 38. Nxh3 Kxh3 39. Kd5 Kg4 40. Kc6 Kf5 41. Kc7 Na7 42. Kxb6 Nc8+ 43. Kc7 Na7 44. Kb7 1-0